| 000 | 00735nam a2200217Ia 4500 | ||
|---|---|---|---|
| 003 | GCL | ||
| 005 | 20240530095357.0 | ||
| 008 | 140319s9999 xx 000 0 ara d | ||
| 020 | _a4255758977 | ||
| 040 |
_aGCL / _cGCL |
||
| 082 | 0 | 4 |
_a916.226 _bق/ث ت |
| 100 | 1 | _aثروت محمد محمد شلبى | |
| 245 | 1 | 0 |
_aتوشكى : اقتصاديا - سياسيا - اجتماعيا : _bايجابيات - سلبيات / _cثروت محمد محمد شلبى |
| 250 | _aالاولى | ||
| 260 |
_aالقاهرة : _bدار الكتاب الحديث ، _c1999 |
||
| 300 |
_a182 ص: _bايض ؛ _c24 سم |
||
| 650 | 0 | 4 | _aتوشكى |
| 650 | 0 | 4 | _aقناة توشكى |
| 650 | 0 | 4 | _aتوشكى - اقتصاديات |
| 942 |
_2ddc _cBK |
||
| 999 |
_c6634 _d6634 |
||